000 00702nam a2200241Ia 4500
003 OSt
005 20220918200949.0
006 a|||||r|||| 00| 0
007 ta
008 220917b |||||||| |||| 00| 0 eng d
024 _a91,013
037 _cTextual
040 _aARTS
_cARTS
_beng
041 _2eng
_aeng
082 _aVv6, M1 (906)
100 _aRemu Arnold
_996200
245 0 _aHistoricans and Africanist history
_b a critique post colonical historiography examined
260 _aLondon
_bZed Press
_c1981
650 _aHISTORY
700 _a Swai Bonaventure
_996201
942 _hVv6, M1 (906)
_cTEXL
_2CC
999 _c214673
_d214673